书目信息 |
| 题名: |
应对与安全
|
|
| 作者: | 叶卫平 主编 | |
| 分册: | ||
| 出版信息: | 北京 中国人民大学出版社 2004 |
|
| 页数: | 345页 | |
| 开本: | 21cm | |
| 丛书名: | 邓小平理论和“三个代表”重要思想研究丛书 | |
| 单 册: | ||
| 中图分类: | D5 | |
| 科图分类: | ||
| 主题词: | 国际形势--研究 , 国际政治 | |
| 电子资源: | ||
| ISBN: | 7-300-05374-2 | |
| 000 | 01281nam0 2200289 450 | |
| 001 | 060000009449 | |
| 005 | 20051223090938.48 | |
| 010 | @a7-300-05374-2@dCNY24.00 | |
| 092 | @aCN | |
| 100 | @a20040705d2004 ekmy0chiy0120 ea | |
| 101 | 0 | @achi |
| 102 | @aCN@b110000 | |
| 105 | @ay z 000yy | |
| 200 | 1 | @a应对与安全@Aying dui yu an quan@e如何认识当今的国际环境和国际政治斗争带来的影响@f叶卫平主编@Fye wei ping zhu bian |
| 210 | @a北京@c中国人民大学出版社@d2004 | |
| 215 | @a345页@d21cm | |
| 225 | 2 | @a邓小平理论和“三个代表”重要思想研究丛书 |
| 304 | @a教育部邓小平理论和“三个代表”重要思想研究中心组织编写 | |
| 330 | @a本书分析了世纪之交国际科技、经济、政治、军事、文化环境新变化的特点和成因,揭示了它们的发展变化规律,进一步研究了这些新变化对我国新世纪信息安全、经济安全、政治安全、国防安全、意识形态安全的影响,论证了 我国新世纪保证国家安全的战略、策略、方法和途径。 | |
| 461 | 0 | @12001 @a邓小平理论和“三个代表”重要思想研究丛书 |
| 517 | 1 | @a如何认识当今的国际环境和国际政治斗争带来的影响@9ru he ren shi dang jin de guo ji huan jing he guo ji zheng zhi dou zheng dai lai de ying xiang |
| 606 | 0 | @a国际形势@x研究 |
| 606 | 0 | @a国际政治 |
| 690 | @aD5@v4 | |
| 701 | 0 | @a叶卫平@Aye wei ping@4主编 |
| 801 | 0 | @aCN@bCXYBOOK@c20051223 |
| 905 | @a10447@dD5@e109 | |
| 应对与安全:如何认识当今的国际环境和国际政治斗争带来的影响/叶卫平主编.-北京:中国人民大学出版社,2004 |
| 345页;21cm.-(邓小平理论和“三个代表”重要思想研究丛书) |
| ISBN 7-300-05374-2:CNY24.00 |
| 本书分析了世纪之交国际科技、经济、政治、军事、文化环境新变化的特点和成因,揭示了它们的发展变化规律,进一步研究了这些新变化对我国新世纪信息安全、经济安全、政治安全、国防安全、意识形态安全的影响,论证了 我国新世纪保证国家安全的战略、策略、方法和途径。 |
| ● |
| 相关链接 |
|
|
|
|
正题名:应对与安全
索取号:D5/109
 
预约/预借
| 序号 | 登录号 | 条形码 | 馆藏地/架位号 | 状态 | 备注 |
| 1 | 0372238 | 203722383 | 第一样本阅览室/ [索取号:D5/109] | 在馆 | |
| 2 | 0372239 | 203722392 | 第一借阅区/ [索取号:D5/109] | 在馆 |